000 00613nam a22002177a 4500
003 UA-OsUOA
001 131230
007 ta
008 20180529b un ||||| |||| 00| 0 ukr d
100 _aМанько М.
090 _a908
_bМ24
942 _cSA
040 _aUA-OsUOA
_bukr
_cUA-OsUOA
_dUA-OsUOA
245 _aАльтернативний травень - 1938: УРСР Євгена Коновальця і відроджена Острозька акадкмія
300 _aС.8
955 _a0
041 _aukr
080 _a908
773 0 _w131228
650 7 _a908 Краєзнавство
_2UDC
999 _c419518
_d419518